| 000 | 00654nam a2200277Ia 4500 | ||
|---|---|---|---|
| 008 | 210210b2012 xxu||||| |||| 00| 0 eng d | ||
| 020 | _a9788126917068 | ||
| 041 | _aeng | ||
| 082 | _a820.209 KOSP | ||
| 100 | _aKOSTA (Abhishek) | ||
| 245 | _aPlays of Girish Karnad: a study in myths and gender | ||
| 260 |
_aNew Delhi _bAtlantic Publisher & Distributors _c2012 |
||
| 300 | _ax,250 | ||
| 650 | _astudy | ||
| 650 | _aPlays | ||
| 650 | _aof | ||
| 650 | _amyths | ||
| 650 | _aKarnad: | ||
| 650 | _ain | ||
| 650 | _aGirish | ||
| 650 | _agender | ||
| 650 | _aand | ||
| 650 | _aa | ||
| 690 | _aIndian English Criticism | ||
| 906 | _a067636 | ||
| 999 |
_c152762 _d152762 |
||